[Event "EYCC 2024 - O10"]
[Site "?"]
[Date "2024.08.29"]
[Round "7.10"]
[White "Blekh, Erik"]
[Black "Steinbrenner, Peter"]
[Result "0-1"]
[BlackElo "1951"]
[WhiteElo "1755"]
[LiveChessVersion "1.4.8"]

1. Nf3 {[%clk 1:30:50]} Nf6 {[%clk 1:30:43]} 2. g3 {[%clk 1:30:55]} d5
{[%clk 1:30:56]} 3. Bg2 {[%clk 1:30:50]} e6 {[%clk 1:31:09]} 4. d4
{[%clk 1:27:32]} b5 {[%clk 1:31:05]} 5. O-O {[%clk 1:22:02]} Be7 {[%clk 1:30:06]}
6. b3 {[%clk 1:06:38]} Bb7 {[%clk 1:25:34]} 7. Bb2 {[%clk 1:05:26]} O-O
{[%clk 1:24:00]} 8. Nbd2 {[%clk 1:01:39]} Nbd7 {[%clk 1:15:40]} 9. c4
{[%clk 0:55:14]} bxc4 {[%clk 1:16:04]} 10. bxc4 {[%clk 0:55:35]} Rb8
{[%clk 1:02:04]} 11. c5 {[%clk 0:41:03]} Ne4 {[%clk 0:40:01]} 12. Rc1
{[%clk 0:31:06]} Ba6 {[%clk 0:27:59]} 13. Ba1 {[%clk 0:27:40]} Nxd2
{[%clk 0:26:22]} 14. Qxd2 {[%clk 0:25:49]} c6 {[%clk 0:25:19]} 15. Rfe1
{[%clk 0:22:27]} Re8 {[%clk 0:19:15]} 16. Qc2 {[%clk 0:19:48]} Qc7
{[%clk 0:14:39]} 17. h4 {[%clk 0:13:48]} Bf6 {[%clk 0:12:30]} 18. e3
{[%clk 0:11:10]} e5 {[%clk 0:10:45]} 19. Bc3 {[%clk 0:10:06]} e4 {[%clk 0:09:01]}
20. Nd2 {[%clk 0:09:11]} Bb5 {[%clk 0:08:06]} 21. Nb3 {[%clk 0:08:17]} Nf8
{[%clk 0:07:14]} 22. Ba5 {[%clk 0:07:36]} Qd7 {[%clk 0:07:22]} 23. Kh2
{[%clk 0:07:02]} Qg4 {[%clk 0:06:45]} 24. Bh3 {[%clk 0:06:46]} Qf3
{[%clk 0:06:09]} 25. Bg2 {[%clk 0:06:57]} Qh5 {[%clk 0:06:12]} 26. Qd1
{[%clk 0:04:48]} Qf5 {[%clk 0:05:23]} 27. Bh3 {[%clk 0:03:12]} Qxf2+
{[%clk 0:04:29]} 28. Bg2 {[%clk 0:03:18]} Bd3 {[%clk 0:04:10]} 29. Bc3
{[%clk 0:02:06]} Qf5 {[%clk 0:02:53]} 30. Na5 {[%clk 0:02:09]} Qg6
{[%clk 0:01:48]} 31. h5 {[%clk 0:01:40]} Qg5 {[%clk 0:01:46]} 32. Nxc6
{[%clk 0:01:41]} Rbc8 {[%clk 0:02:03]} 33. Nb4 {[%clk 0:01:43]} Bc4
{[%clk 0:02:02]} 34. Bh3 {[%clk 0:01:36]} Ne6 {[%clk 0:01:21]} 35. Qg4
{[%clk 0:01:24]} Qh6 {[%clk 0:01:17]} 36. a3 {[%clk 0:01:07]} Ng5
{[%clk 0:01:12]} 37. Bg2 {[%clk 0:01:29]} g6 {[%clk 0:01:01]} 38. Kg1
{[%clk 0:01:43]} gxh5 {[%clk 0:01:00]} 39. Qf5 {[%clk 0:01:17]} Qg6
{[%clk 0:01:09]} 40. Qf2 {[%clk 0:01:11]} h4 {[%clk 0:01:26]} 41. Kh1
{[%clk 0:00:41]} h3 {[%clk 0:01:10]} 42. Bf1 {[%clk 0:00:57]} Nf3
{[%clk 0:01:18]} 43. Bxh3 {[%clk 0:00:50]} Qh5 {[%clk 0:01:35]} 44. Kg2
{[%clk 0:01:01]} Nxe1+ {[%clk 0:01:47]} 45. Rxe1 {[%clk 0:01:22]} Qg5
{[%clk 0:01:36]} 46. Bxc8 {[%clk 0:01:38]} Rxc8 {[%clk 0:02:01]} 47. Qf4
{[%clk 0:01:15]} Qxf4 {[%clk 0:01:38]} 48. gxf4 {[%clk 0:01:38]} Kh8
{[%clk 0:01:51]} 49. Rh1 {[%clk 0:01:34]} Rg8+ {[%clk 0:01:57]} 50. Kf2
{[%clk 0:01:25]} Kg7 {[%clk 0:01:16]} 51. Rg1+ {[%clk 0:00:56]} Kf8
{[%clk 0:01:31]} 52. Rxg8+ {[%clk 0:01:18]} Kxg8 {[%clk 0:01:52]} 53. Kg3
{[%clk 0:01:32]} h5 {[%clk 0:01:45]} 54. Be1 {[%clk 0:01:47]} Kf8
{[%clk 0:01:33]} 55. Nc6 {[%clk 0:02:04]} a6 {[%clk 0:01:48]} 56. Ne5
{[%clk 0:02:21]} h4+ {[%clk 0:02:00]} 57. Kh2 {[%clk 0:02:27]} Bb5
{[%clk 0:02:07]} 58. Ng4 {[%clk 0:01:57]} Be7 {[%clk 0:02:17]} 59. Nh6
{[%clk 0:02:15]} Bd7 {[%clk 0:02:15]} 60. f5 {[%clk 0:00:46]} Bg5
{[%clk 0:02:33]} 61. Ng4 {[%clk 0:00:58]} Bxf5 {[%clk 0:02:37]} 62. Ne5
{[%clk 0:01:11]} Bxe3 {[%clk 0:02:51]} 63. Bc3 {[%clk 0:01:16]} Bf4+
{[%clk 0:02:45]} 64. Kg1 {[%clk 0:01:36]} h3 {[%clk 0:03:05]} 65. c6
{[%clk 0:01:44]} h2+ {[%clk 0:03:19]} 66. Kh1 {[%clk 0:02:07]} e3
{[%clk 0:03:38]} 67. Nd7+ {[%clk 0:01:43]} Bxd7 {[%clk 0:02:23]} 68. cxd7
{[%clk 0:02:02]} Ke7 {[%clk 0:02:48]} 69. Ba5 {[%clk 0:02:06]} Kxd7
{[%clk 0:03:13]} 70. Kg2 {[%clk 0:02:29]} Ke6 {[%clk 0:03:25]} 71. Bc3
{[%clk 0:02:47]} Kf5 {[%clk 0:03:40]} 72. Be1 {[%clk 0:03:00]} Ke4
{[%clk 0:04:07]} 73. Bc3 {[%clk 0:03:25]} Kd3 {[%clk 0:04:34]} 74. Bb2
{[%clk 0:03:43]} e2 {[%clk 0:04:56]} 0-1

[Event "EYCC 2024 - O10"]
[Site "?"]
[Date "2024.08.29"]
[Round "7.11"]
[White "Fuentes De Nova, Sebastian"]
[Black "Shabunin, Oleksandr"]
[Result "1/2-1/2"]
[BlackElo "1656"]
[WhiteElo "1896"]
[LiveChessVersion "1.4.8"]

1. d4 {[%clk 1:30:30]} Nf6 {[%clk 1:30:45]} 2. Bg5 {[%clk 1:30:30]} g6
{[%clk 1:30:19]} 3. Bxf6 {[%clk 1:30:30]} exf6 {[%clk 1:30:22]} 4. c4
{[%clk 1:30:30]} Bg7 {[%clk 1:30:30]} 5. Nc3 {[%clk 1:30:04]} O-O
{[%clk 1:30:47]} 6. g3 {[%clk 1:30:12]} d6 {[%clk 1:31:01]} 7. Bg2
{[%clk 1:30:28]} Nd7 {[%clk 1:27:43]} 8. e3 {[%clk 1:27:48]} f5 {[%clk 1:26:39]}
9. Nge2 {[%clk 1:27:48]} Re8 {[%clk 1:23:39]} 10. O-O {[%clk 1:24:04]} Nb6
{[%clk 1:10:18]} 11. Qd3 {[%clk 1:21:47]} c6 {[%clk 1:07:05]} 12. Rad1
{[%clk 1:19:46]} Qc7 {[%clk 0:57:38]} 13. b4 {[%clk 1:14:59]} Rd8
{[%clk 0:43:34]} 14. d5 {[%clk 1:08:46]} cxd5 {[%clk 0:26:33]} 15. Bxd5
{[%clk 1:07:33]} Bd7 {[%clk 0:24:00]} 16. Rc1 {[%clk 1:06:10]} Bc6
{[%clk 0:23:39]} 17. Rfd1 {[%clk 1:03:29]} Rac8 {[%clk 0:23:04]} 18. b5
{[%clk 1:00:42]} Bxd5 {[%clk 0:22:52]} 19. Nxd5 {[%clk 1:00:52]} Nxd5
{[%clk 0:23:11]} 20. Qxd5 {[%clk 1:01:07]} b6 {[%clk 0:18:23]} 21. Nd4
{[%clk 0:59:47]} Bxd4 {[%clk 0:17:29]} 22. Qxd4 {[%clk 1:00:00]} Qc5
{[%clk 0:16:28]} 23. Qb2 {[%clk 0:51:29]} Qe5 {[%clk 0:12:19]} 24. Qa3
{[%clk 0:51:42]} Rc7 {[%clk 0:10:59]} 25. Rd5 {[%clk 0:50:59]} Qe6
{[%clk 0:08:39]} 26. Qd3 {[%clk 0:50:30]} Qe4 {[%clk 0:08:19]} 27. Qxe4
{[%clk 0:50:13]} fxe4 {[%clk 0:08:47]} 28. Rd4 {[%clk 0:50:36]} f5
{[%clk 0:09:02]} 29. Rcd1 {[%clk 0:50:34]} Rcd7 {[%clk 0:09:12]} 30. Rd5
{[%clk 0:49:49]} Kf7 {[%clk 0:09:19]} 31. f3 {[%clk 0:49:12]} exf3
{[%clk 0:09:20]} 32. Kf2 {[%clk 0:49:31]} Ke6 {[%clk 0:07:48]} 33. Kxf3
{[%clk 0:49:41]} Rc7 {[%clk 0:07:39]} 34. R1d4 {[%clk 0:49:12]} Rc5
{[%clk 0:06:29]} 35. Rxc5 {[%clk 0:46:59]} bxc5 {[%clk 0:06:49]} 36. Rd3
{[%clk 0:47:25]} h6 {[%clk 0:05:51]} 37. a4 {[%clk 0:46:36]} Kd7 {[%clk 0:05:11]}
38. a5 {[%clk 0:44:22]} Re8 {[%clk 0:05:17]} 39. Rc3 {[%clk 0:38:33]} Kc7
{[%clk 0:05:17]} 40. Ke2 {[%clk 0:38:44]} Re5 {[%clk 0:04:25]} 41. Kd2
{[%clk 0:34:11]} Re4 {[%clk 0:04:03]} 42. Kd3 {[%clk 0:34:15]} h5
{[%clk 0:03:20]} 43. Rc1 {[%clk 0:34:06]} Re5 {[%clk 0:02:05]} 44. Rf1
{[%clk 0:33:16]} Kd7 {[%clk 0:01:24]} 45. Rf4 {[%clk 0:32:53]} d5
{[%clk 0:01:00]} 46. h4 {[%clk 0:31:24]} Kc7 {[%clk 0:01:02]} 47. cxd5
{[%clk 0:27:40]} Rxd5+ {[%clk 0:01:18]} 48. Ke2 {[%clk 0:27:58]} Kb7
{[%clk 0:01:07]} 49. Rc4 {[%clk 0:28:18]} Kc7 {[%clk 0:00:36]} 50. Rc3
{[%clk 0:28:29]} Re5 {[%clk 0:00:34]} 51. Kf3 {[%clk 0:28:37]} Kd6
{[%clk 0:00:45]} 52. Rd3+ {[%clk 0:27:59]} Kc7 {[%clk 0:00:39]} 53. Rc3
{[%clk 0:26:48]} Kd6 {[%clk 0:00:55]} 54. a6 {[%clk 0:23:41]} Kc7
{[%clk 0:00:41]} 55. Rb3 {[%clk 0:23:50]} Kb6 {[%clk 0:01:05]} 56. Rb1
{[%clk 0:22:47]} c4 {[%clk 0:00:48]} 57. Rb4 {[%clk 0:21:24]} c3 {[%clk 0:00:41]}
58. Ke2 {[%clk 0:21:00]} c2 {[%clk 0:00:41]} 59. Kd2 {[%clk 0:21:18]} Rxb5
{[%clk 0:00:36]} 60. Rd4 {[%clk 0:21:18]} Rc5 {[%clk 0:00:57]} 61. Kc1
{[%clk 0:21:36]} Rc6 {[%clk 0:01:04]} 62. Ra4 {[%clk 0:21:34]} Rc3
{[%clk 0:00:42]} 63. Rd4 {[%clk 0:21:39]} Kc6 {[%clk 0:00:49]} 64. e4
{[%clk 0:21:26]} fxe4 {[%clk 0:01:03]} 65. Rxe4 {[%clk 0:21:28]} Rxg3
{[%clk 0:01:10]} 66. Kxc2 {[%clk 0:21:40]} Kd6 {[%clk 0:00:43]} 67. Re8
{[%clk 0:19:37]} Kc7 {[%clk 0:00:35]} 68. Re7+ {[%clk 0:18:55]} Kb6
{[%clk 0:00:49]} 69. Re6+ {[%clk 0:19:10]} Kb5 {[%clk 0:01:13]} 70. Kb2
{[%clk 0:19:29]} Rg4 {[%clk 0:01:05]} 71. Kb3 {[%clk 0:19:22]} Rxh4
{[%clk 0:01:17]} 72. Rxg6 {[%clk 0:19:37]} Rh3+ {[%clk 0:01:39]} 73. Kb2
{[%clk 0:19:58]} h4 {[%clk 0:01:59]} 74. Ka2 {[%clk 0:17:42]} Rh2+
{[%clk 0:02:16]} 75. Kb3 {[%clk 0:17:47]} h3 {[%clk 0:02:35]} 76. Rh6
{[%clk 0:18:10]} Rh1 {[%clk 0:02:27]} 77. Kb2 {[%clk 0:18:32]} Rh2+
{[%clk 0:00:59]} 78. Kb3 {[%clk 0:18:54]} Ka5 {[%clk 0:00:57]} 79. Ka3
{[%clk 0:19:10]} Rh1 {[%clk 0:00:42]} 80. Kb2 {[%clk 0:19:28]} Kb5
{[%clk 0:00:39]} 81. Ka2 {[%clk 0:19:44]} Ka5 {[%clk 0:00:44]} 82. Kb2
{[%clk 0:20:08]} Kb5 {[%clk 0:00:39]} 83. Ka2 {[%clk 0:20:02]} Rh2+
{[%clk 0:00:58]} 84. Kb3 {[%clk 0:20:25]} Ka5 {[%clk 0:00:44]} 1/2-1/2

[Event "EYCC 2024 - O10"]
[Site "?"]
[Date "2024.08.29"]
[Round "7.12"]
[White "Nakonechnyi, Oleksii"]
[Black "Hummatov, Safa"]
[Result "1-0"]
[BlackElo "1742"]
[WhiteElo "1891"]
[LiveChessVersion "1.4.8"]

1. Nf3 {[%clk 1:30:55]} Nf6 {[%clk 1:30:52]} 2. g3 {[%clk 1:31:23]} e6
{[%clk 1:31:12]} 3. Bg2 {[%clk 1:31:49]} Bb4 {[%clk 1:30:50]} 4. O-O
{[%clk 1:32:04]} O-O {[%clk 1:30:55]} 5. d4 {[%clk 1:32:23]} d5 {[%clk 1:29:41]}
6. c4 {[%clk 1:32:25]} c6 {[%clk 1:20:49]} 7. Bg5 {[%clk 1:32:20]} h6
{[%clk 1:19:47]} 8. Bxf6 {[%clk 1:32:44]} Qxf6 {[%clk 1:20:09]} 9. Qc2
{[%clk 1:32:48]} Nd7 {[%clk 1:18:15]} 10. e4 {[%clk 1:31:53]} dxe4
{[%clk 1:17:29]} 11. Qxe4 {[%clk 1:32:18]} Bd6 {[%clk 1:17:48]} 12. Nc3
{[%clk 1:32:36]} e5 {[%clk 1:16:52]} 13. d5 {[%clk 1:32:20]} c5 {[%clk 1:14:29]}
14. Nh4 {[%clk 1:31:51]} Qg5 {[%clk 1:13:33]} 15. Qe2 {[%clk 1:31:37]} f5
{[%clk 1:13:04]} 16. f4 {[%clk 1:31:06]} Qf6 {[%clk 1:09:30]} 17. fxe5
{[%clk 1:25:48]} Qxe5 {[%clk 1:06:38]} 18. Qc2 {[%clk 1:25:12]} Nf6
{[%clk 0:46:37]} 19. Ng6 {[%clk 1:23:38]} Qe3+ {[%clk 0:46:51]} 20. Kh1
{[%clk 1:23:33]} Re8 {[%clk 0:45:07]} 21. Nb5 {[%clk 1:22:05]} Bb8
{[%clk 0:45:02]} 22. d6 {[%clk 1:17:55]} a6 {[%clk 0:36:49]} 23. Ne7+
{[%clk 1:18:14]} Rxe7 {[%clk 0:37:09]} 24. dxe7 {[%clk 1:18:43]} Qxe7
{[%clk 0:37:28]} 25. Nc3 {[%clk 1:19:00]} Qf7 {[%clk 0:34:21]} 26. Nd5
{[%clk 1:18:52]} Be6 {[%clk 0:33:09]} 27. Nxf6+ {[%clk 1:17:34]} gxf6
{[%clk 0:32:38]} 28. Rad1 {[%clk 1:16:03]} Be5 {[%clk 0:31:59]} 29. Bd5
{[%clk 1:16:17]} Kg7 {[%clk 0:28:07]} 30. Bxe6 {[%clk 1:16:02]} Qxe6
{[%clk 0:28:32]} 31. b3 {[%clk 1:15:03]} Qc6+ {[%clk 0:26:52]} 32. Qg2
{[%clk 1:13:46]} Qxg2+ {[%clk 0:27:18]} 33. Kxg2 {[%clk 1:14:08]} Kg6
{[%clk 0:27:34]} 34. Rd5 {[%clk 1:14:04]} Rc8 {[%clk 0:27:09]} 35. a4
{[%clk 1:13:46]} Rc6 {[%clk 0:27:04]} 36. a5 {[%clk 1:13:44]} Rc7
{[%clk 0:26:38]} 37. Rfd1 {[%clk 1:13:41]} Rc6 {[%clk 0:19:29]} 38. Rd7
{[%clk 1:13:35]} b6 {[%clk 0:19:19]} 39. Rb7 {[%clk 1:13:04]} bxa5
{[%clk 0:19:22]} 40. Rdd7 {[%clk 1:13:28]} Re6 {[%clk 0:17:37]} 41. Rg7+
{[%clk 1:12:27]} Kh5 {[%clk 0:17:36]} 42. Rbd7 {[%clk 1:12:35]} Rb6
{[%clk 0:15:06]} 43. Rd3 {[%clk 1:12:58]} Rb4 {[%clk 0:14:10]} 44. Rf3
{[%clk 1:13:02]} 1-0

[Event "EYCC 2024 - O10"]
[Site "?"]
[Date "2024.08.29"]
[Round "7.13"]
[White "Perez Solanas, Hugo"]
[Black "Bodaks, Maksimilians"]
[Result "1-0"]
[BlackElo "1516"]
[WhiteElo "1818"]
[LiveChessVersion "1.4.8"]

1. e4 {[%clk 1:30:58]} c5 {[%clk 1:30:52]} 2. Nf3 {[%clk 1:31:19]} d6
{[%clk 1:31:12]} 3. c3 {[%clk 1:31:43]} Nf6 {[%clk 1:31:19]} 4. Be2
{[%clk 1:32:05]} Nc6 {[%clk 1:30:41]} 5. d4 {[%clk 1:32:26]} cxd4
{[%clk 1:30:24]} 6. cxd4 {[%clk 1:32:48]} Nxe4 {[%clk 1:28:10]} 7. d5
{[%clk 1:33:09]} Qa5+ {[%clk 1:28:20]} 8. Nc3 {[%clk 1:33:29]} Nxc3
{[%clk 1:27:57]} 9. bxc3 {[%clk 1:33:52]} Ne5 {[%clk 1:26:58]} 10. Nxe5
{[%clk 1:34:12]} Qxc3+ {[%clk 1:26:08]} 11. Bd2 {[%clk 1:34:32]} Qxe5
{[%clk 1:26:26]} 12. O-O {[%clk 1:34:56]} Bd7 {[%clk 1:24:27]} 13. Rb1
{[%clk 1:34:51]} b6 {[%clk 1:20:51]} 14. Re1 {[%clk 1:34:49]} Qf5
{[%clk 1:20:03]} 15. Bb4 {[%clk 1:32:57]} e5 {[%clk 1:00:59]} 16. dxe6
{[%clk 1:32:59]} Bxe6 {[%clk 0:56:23]} 17. Bf3 {[%clk 1:31:17]} d5
{[%clk 0:51:56]} 18. Qa4+ {[%clk 1:28:01]} Kd8 {[%clk 0:51:12]} 19. Bxf8
{[%clk 1:28:12]} Rxf8 {[%clk 0:50:57]} 20. Qc6 {[%clk 1:28:31]} Rc8
{[%clk 0:50:54]} 21. Qd6+ {[%clk 1:28:52]} Ke8 {[%clk 0:50:36]} 22. Be2
{[%clk 1:28:57]} f6 {[%clk 0:47:55]} 23. Bd3 {[%clk 1:28:59]} Qe5
{[%clk 0:42:04]} 24. Rxe5 {[%clk 1:29:22]} fxe5 {[%clk 0:42:29]} 25. Qxe6+
{[%clk 1:29:38]} Kd8 {[%clk 0:42:51]} 26. Qxd5+ {[%clk 1:29:54]} Ke7
{[%clk 0:43:03]} 27. Re1 {[%clk 1:30:07]} Rfd8 {[%clk 0:41:56]} 28. Rxe5+
{[%clk 1:30:12]} Kf6 {[%clk 0:42:04]} 29. Qe6# {[%clk 1:30:33]} 1-0

[Event "EYCC 2024 - O10"]
[Site "?"]
[Date "2024.08.29"]
[Round "7.14"]
[White "Buklaho, Ignacy"]
[Black "Malchev, Nikola"]
[Result "1-0"]
[BlackElo "1561"]
[WhiteElo "1813"]
[LiveChessVersion "1.4.8"]

1. e4 {[%clk 1:30:56]} c6 {[%clk 1:30:42]} 2. d4 {[%clk 1:31:12]} d5
{[%clk 1:30:53]} 3. Nd2 {[%clk 1:31:32]} dxe4 {[%clk 1:30:46]} 4. Nxe4
{[%clk 1:31:51]} Nf6 {[%clk 1:30:49]} 5. Nxf6+ {[%clk 1:31:50]} exf6
{[%clk 1:30:53]} 6. c3 {[%clk 1:32:04]} Bd6 {[%clk 1:30:48]} 7. Bd3
{[%clk 1:32:17]} O-O {[%clk 1:30:53]} 8. Ne2 {[%clk 1:32:26]} Re8
{[%clk 1:30:52]} 9. O-O {[%clk 1:32:36]} Na6 {[%clk 1:31:03]} 10. Be3
{[%clk 1:32:30]} Nc7 {[%clk 1:30:36]} 11. c4 {[%clk 1:32:43]} Ne6
{[%clk 1:27:07]} 12. Qd2 {[%clk 1:20:30]} Qc7 {[%clk 1:24:33]} 13. h3
{[%clk 1:19:33]} Bd7 {[%clk 1:23:04]} 14. Rac1 {[%clk 1:18:56]} Rad8
{[%clk 1:20:53]} 15. b4 {[%clk 1:17:02]} Qb8 {[%clk 1:16:33]} 16. Rfd1
{[%clk 1:15:40]} Nc7 {[%clk 1:13:36]} 17. a3 {[%clk 1:12:49]} b5 {[%clk 1:11:42]}
18. cxb5 {[%clk 1:06:33]} cxb5 {[%clk 1:04:58]} 19. Nc3 {[%clk 1:03:28]} a5
{[%clk 1:02:23]} 20. Bf4 {[%clk 0:51:20]} Bxf4 {[%clk 1:02:21]} 21. Qxf4 axb4
{[%clk 0:59:14]} 22. axb4 {[%clk 0:51:34]} Ne6 {[%clk 0:59:02]} 23. Qh4
{[%clk 0:40:58]} h6 24. Bf5 Qd6 {[%clk 0:54:25]} 25. Bxe6 {[%clk 0:38:24]} Rxe6
{[%clk 0:53:07]} 26. d5 {[%clk 0:33:28]} Re5 {[%clk 0:51:25]} 27. Ne4 Qe7
{[%clk 0:47:17]} 28. d6 {[%clk 0:31:53]} Qe8 {[%clk 0:46:47]} 29. Nc5
{[%clk 0:31:33]} Bc6 {[%clk 0:45:17]} 30. Qf4 {[%clk 0:23:48]} Rg5
{[%clk 0:41:38]} 31. g3 {[%clk 0:22:28]} Re5 {[%clk 0:37:43]} 32. Qd4
{[%clk 0:19:43]} Rd5 {[%clk 0:36:52]} 33. Qf4 {[%clk 0:18:06]} Re5
{[%clk 0:33:45]} 34. Ra1 {[%clk 0:11:12]} Qf8 {[%clk 0:32:32]} 35. d7
{[%clk 0:08:55]} Qe7 {[%clk 0:32:41]} 36. Qd4 {[%clk 0:08:07]} Rd5
{[%clk 0:32:01]} 37. Qxd5 {[%clk 0:07:06]} Bxd5 {[%clk 0:31:58]} 38. Rxd5
{[%clk 0:07:31]} Rb8 {[%clk 0:31:46]} 39. Rad1 {[%clk 0:07:10]} Qd8
{[%clk 0:31:57]} 40. Re1 {[%clk 0:07:16]} Qf8 {[%clk 0:32:07]} 41. Rd4 Kh7 42.
Nb7 {[%clk 0:07:22]} Rxb7 {[%clk 0:32:25]} 43. d8=Q {[%clk 0:07:40]} 1-0

[Event "EYCC 2024 - O10"]
[Site "?"]
[Date "2024.08.29"]
[Round "7.15"]
[White "Chen, Chicheng Leon"]
[Black "Kopecny, Adam"]
[Result "1-0"]
[BlackElo "1720"]
[WhiteElo "1863"]
[LiveChessVersion "1.4.8"]

1. e4 {[%clk 1:30:59]} c5 {[%clk 1:30:50]} 2. Nf3 {[%clk 1:31:19]} Nc6
{[%clk 1:31:08]} 3. d4 {[%clk 1:31:33]} cxd4 {[%clk 1:30:59]} 4. Nxd4
{[%clk 1:31:48]} g6 {[%clk 1:30:59]} 5. c4 {[%clk 1:32:12]} Bg7 {[%clk 1:31:24]}
6. Be3 {[%clk 1:32:32]} Nf6 {[%clk 1:31:20]} 7. Nc3 {[%clk 1:32:43]} d6
{[%clk 1:31:23]} 8. Be2 {[%clk 1:33:05]} O-O {[%clk 1:31:28]} 9. O-O
{[%clk 1:33:06]} Bd7 {[%clk 1:31:16]} 10. f3 {[%clk 1:32:02]} Nxd4
{[%clk 1:31:18]} 11. Bxd4 {[%clk 1:32:24]} Bc6 {[%clk 1:31:44]} 12. Qd2
{[%clk 1:32:03]} Nd7 {[%clk 1:31:38]} 13. Be3 {[%clk 1:25:36]} a5
{[%clk 1:30:17]} 14. Rac1 {[%clk 1:24:58]} Nc5 {[%clk 1:29:50]} 15. b3
{[%clk 1:24:02]} Qb6 {[%clk 1:29:04]} 16. Nb5 {[%clk 1:21:10]} Rfc8
{[%clk 1:27:42]} 17. Kh1 {[%clk 1:16:26]} Qd8 {[%clk 1:26:02]} 18. Rfd1
{[%clk 1:16:09]} Qf8 {[%clk 1:23:52]} 19. Bf1 {[%clk 1:14:02]} h5
{[%clk 1:22:22]} 20. Nd4 {[%clk 1:09:56]} Bd7 {[%clk 1:19:59]} 21. Ne2
{[%clk 1:05:32]} Rd8 {[%clk 1:17:48]} 22. Nf4 {[%clk 1:04:19]} Bc6
{[%clk 1:15:59]} 23. Qf2 {[%clk 1:02:26]} Bh6 {[%clk 1:11:41]} 24. Rc2
{[%clk 0:56:58]} Kh7 {[%clk 1:06:55]} 25. Qd2 {[%clk 0:47:00]} Qg7
{[%clk 0:47:10]} 26. Qc3 {[%clk 0:42:34]} Qxc3 {[%clk 0:45:40]} 27. Rxc3
{[%clk 0:42:59]} e6 {[%clk 0:39:39]} 28. Rc2 {[%clk 0:38:35]} Rd7
{[%clk 0:36:39]} 29. Kg1 {[%clk 0:34:40]} Rad8 {[%clk 0:33:26]} 30. Kf2
{[%clk 0:31:51]} Bg7 {[%clk 0:29:42]} 31. g3 {[%clk 0:29:24]} Bf6
{[%clk 0:28:13]} 32. h4 {[%clk 0:27:28]} Kg7 {[%clk 0:27:43]} 33. Ne2
{[%clk 0:27:02]} Kf8 {[%clk 0:21:22]} 34. Nd4 {[%clk 0:26:30]} Bxd4
{[%clk 0:19:54]} 35. Bxd4 {[%clk 0:26:48]} e5 {[%clk 0:20:18]} 36. Be3
{[%clk 0:25:23]} Ke7 {[%clk 0:19:16]} 37. Bh3 {[%clk 0:24:40]} Ne6
{[%clk 0:18:16]} 38. Rcd2 {[%clk 0:23:03]} Rc8 {[%clk 0:15:41]} 39. Rc1
{[%clk 0:19:52]} Ra8 {[%clk 0:14:48]} 40. a3 {[%clk 0:19:06]} b5 {[%clk 0:13:41]}
41. cxb5 {[%clk 0:17:31]} Bxb5 {[%clk 0:13:50]} 42. Rd5 {[%clk 0:17:10]} Rb8
{[%clk 0:11:44]} 43. a4 {[%clk 0:16:52]} Rc7 {[%clk 0:10:57]} 44. Rxb5
{[%clk 0:16:58]} Rxb5 {[%clk 0:10:27]} 45. axb5 {[%clk 0:16:18]} Rb7
{[%clk 0:10:27]} 46. Bxe6 {[%clk 0:16:32]} Kxe6 {[%clk 0:10:50]} 47. b6
{[%clk 0:16:57]} d5 {[%clk 0:10:55]} 48. Rc6+ {[%clk 0:17:00]} Kd7
{[%clk 0:11:19]} 49. exd5 {[%clk 0:17:19]} Rb8 {[%clk 0:11:37]} 50. Rc7+
{[%clk 0:16:53]} Kd6 {[%clk 0:12:02]} 51. Bc5+ {[%clk 0:17:06]} Kxd5
{[%clk 0:12:26]} 52. b7 {[%clk 0:17:31]} Rxb7 {[%clk 0:12:32]} 53. Rxb7
{[%clk 0:17:46]} Kxc5 {[%clk 0:13:01]} 54. Rxf7 {[%clk 0:18:05]} Kb4
{[%clk 0:13:26]} 55. Rb7+ {[%clk 0:18:31]} Ka3 {[%clk 0:13:49]} 56. Ke3
{[%clk 0:18:54]} e4 {[%clk 0:14:10]} 57. fxe4 {[%clk 0:19:20]} 1-0

[Event "EYCC 2024 - O10"]
[Site "?"]
[Date "2024.08.29"]
[Round "7.16"]
[White "Iliev, Stoyan"]
[Black "Torres, Lucas"]
[Result "0-1"]
[BlackElo "1861"]
[WhiteElo "1743"]
[LiveChessVersion "1.4.8"]

1. e4 {[%clk 1:30:57]} e6 {[%clk 1:30:16]} 2. d4 {[%clk 1:31:12]} d5
{[%clk 1:30:44]} 3. exd5 {[%clk 1:31:29]} exd5 {[%clk 1:31:13]} 4. c4
{[%clk 1:31:43]} Nf6 {[%clk 1:31:11]} 5. Nc3 {[%clk 1:31:59]} Bb4
{[%clk 1:31:07]} 6. Bg5 {[%clk 1:32:01]} c6 {[%clk 1:24:04]} 7. Nf3
{[%clk 1:31:14]} O-O {[%clk 1:23:07]} 8. Be2 {[%clk 1:31:25]} dxc4
{[%clk 1:22:43]} 9. Bxc4 {[%clk 1:29:38]} Bg4 {[%clk 1:15:49]} 10. Be2
{[%clk 1:25:43]} Bxf3 {[%clk 1:06:03]} 11. Bxf3 {[%clk 1:24:22]} Re8+
{[%clk 1:05:47]} 12. Be3 {[%clk 1:23:47]} Nd5 {[%clk 1:03:34]} 13. Bxd5
{[%clk 1:24:04]} Qxd5 {[%clk 1:03:09]} 14. O-O {[%clk 1:24:03]} Bxc3
{[%clk 0:55:01]} 15. bxc3 {[%clk 1:24:30]} Nd7 {[%clk 0:54:10]} 16. Qd3
{[%clk 1:18:28]} b5 {[%clk 0:51:07]} 17. a4 {[%clk 1:11:28]} Nc5 {[%clk 0:41:32]}
18. Qc2 {[%clk 1:08:20]} Nxa4 {[%clk 0:33:38]} 19. c4 {[%clk 1:08:29]} Qe4
{[%clk 0:33:52]} 20. Qb3 {[%clk 1:08:24]} Qe6 {[%clk 0:28:56]} 21. d5
{[%clk 0:57:46]} cxd5 {[%clk 0:28:10]} 22. Qxb5 {[%clk 0:57:37]} Nc3
{[%clk 0:26:55]} 23. Qb2 {[%clk 0:56:40]} d4 {[%clk 0:11:55]} 24. Bxd4
{[%clk 0:56:56]} Ne2+ {[%clk 0:11:16]} 25. Kh1 {[%clk 0:57:17]} Rab8
{[%clk 0:11:15]} 26. Qd2 {[%clk 0:56:50]} Rbd8 {[%clk 0:11:18]} 27. Rfe1
{[%clk 0:46:44]} Rxd4 {[%clk 0:09:15]} 28. Qb2 {[%clk 0:46:52]} Qe5
{[%clk 0:06:40]} 29. Qc2 {[%clk 0:43:20]} Qxh2+ {[%clk 0:06:41]} 0-1